LIBRARY & INFORMATION CENTRE, KCAET, TAVANUR

ONLINE PUBLIC ACCESS CATALOGUE (OPAC)

Food processing : (Record no. 13624)

MARC details
000 -LEADER
fixed length control field 00374cam a22001454a 4500
020 ## - INTERNATIONAL STANDARD BOOK NUMBER
ISBN 1587160080 (alk. paper)
082 00 - DEWEY DECIMAL CLASSIFICATION NUMBER
Classification number 664
Item number RAM/FO
100 1# - MAIN ENTRY--AUTHOR NAME
Personal name Ramaswamy, Hosahalli S.
245 10 - TITLE STATEMENT
Title Food processing :
260 ## - PUBLICATION, DISTRIBUTION, ETC. (IMPRINT)
Place of publication Boca Raton :
Name of publisher CRC Press,
Year of publication 2006.
300 ## - PHYSICAL DESCRIPTION
Number of Pages 420 p. :
Other physical details ill. ;
650 #0 - SUBJECT ADDED ENTRY--TOPICAL TERM
Topical Term Food industry and trade.
700 1# - ADDED ENTRY--PERSONAL NAME
Personal name Marcotte, Michelle.
942 ## - ADDED ENTRY ELEMENTS (KOHA)
Koha item type Books
Holdings
Withdrawn status Lost status Damaged status Collection code Home library Current library Shelving location Date acquired Source of acquisition Cost, normal purchase price Full call number Accession Number Koha item type
      Non-fiction KAUAET KAUAET General Stacks 31/03/2012 Cosmo Books, Calicut 695.00 664 RAM/FO 22331 Books
free website counter